COMO PLANEAR Y ESTABLECER LA ORGANIZACION DE UNA EMPRESA /

TRADUCCION DE: PLANNING AND DEVELOPING THE COMPANY ORGANIZATION STRUCTURE

Guardat en:
Dades bibliogràfiques
Autor principal: Dale, Ernest (autor)
Format: Llibre
Matèries:
Etiquetes: Afegir etiqueta
Sense etiquetes, Sigues el primer a etiquetar aquest registre!

MARC

LEADER 00000nam^a2200000^a^4500
001 000234911
005 20250521000000.0
009 20260310104745.815
035 |a 058563 
037 |a Acervo Xavier Clavigero 
082 |a 658.  |b DAL 
100 |a Dale, Ernest  |e (autor) 
245 1 0 |a COMO PLANEAR Y ESTABLECER LA ORGANIZACION DE UNA EMPRESA /  |c ERNEST DALE ; TR. CARMELO SAAVEDRA ARCE 
264 |a Barcelona, España :  |b Reverté,  |c 1960 
300 |a 305 p. 
336 |a texto  |b txt  |2 rdacontenido 
337 |a sin mediación  |b n  |2 rdamedio 
338 |a volumen  |b nc  |2 rdasoporte 
520 |a TRADUCCION DE: PLANNING AND DEVELOPING THE COMPANY ORGANIZATION STRUCTURE 
649 |a XX 
650 |a ORGANIZACION. 
650 |a Empresas 
910 |a Fondo General 
920 |a Impresos - Libros 
930 |a Colección General 
905 |a 101 
901 |a 058563  |b IT1  |c ACC  |i 058563  |u 20250521 
902 |a https://opac.biblio.iteso.mx/vufind/Record/000234911